Statistics for 2015 AFL Premiership Team

Click here to take the quiz!

General Stats

  • This quiz has been taken 233 times
  • The average score is 19 of 24

Answer Stats

HintAnswer% Correct
Premiership TeamHawthorn
97%
Half Forward FlankCyril Rioli
96%
Full ForwardJarryd Roughead
96%
Ruck RoverLuke Hodge
96%
CentreSam Mitchell
96%
interchangeJack Gunston
93%
RuckBen McEvoy
92%
CoachAlastair Clarkson
90%
Full BackBrian Lake
89%
RoverJordan Lewis
87%
Half Forward FlankIsaac Smith
83%
Forward PocketLuke Bruest
81%
Half Back FlankGrant Birchall
75%
Centre Half BackJosh Gibson
75%
Forward PocketPaul Puopolo
72%
WingBradley Hill
70%
interchangeDavid Hale
69%
Half Back FlankShaun Burgoyne
67%
Back PocketBen Stratton
66%
Back PocketJames Frawley
61%
WingLiam Shiels
61%
InterchangeTaylor Duryea
59%
InterchangeMatt Suckling
53%
Centre Half ForwardRyan Schoenmakers
51%

Score Distribution

Percentile by Number Answered

Percent of People with Each Score

Your Score History

You have not taken this quiz